书目信息 |
| 题名: |
自动驾驶系统设计及应用
|
|
| 作者: | 余贵珍 编著 | |
| 分册: | ||
| 出版信息: | 北京 清华大学出版社 2020.11 |
|
| 页数: | 10,159页 | |
| 开本: | 26cm | |
| 丛书名: | 自动驾驶技术系列丛书 | |
| 单 册: | ||
| 中图分类: | U463.8 | |
| 科图分类: | ||
| 主题词: | 汽车驾驶--自动驾驶系统 | |
| 电子资源: | ||
| ISBN: | 978-7-302-53785-4 | |
| 000 | 01138nam0 2200277 45 | |
| 001 | 012001001076 | |
| 005 | 20140912153234.0 | |
| 010 | @a978-7-302-53785-4@dCNY59.80 | |
| 100 | @a20191129d2019 em y0chiy50 ea | |
| 101 | 0 | @achi |
| 102 | @aCN@b110000 | |
| 105 | @aa z 000yy | |
| 106 | @ar | |
| 200 | 1 | @a自动驾驶系统设计及应用@Azi dong jia shi xi tong she ji ji ying yong@b专著@f余贵珍[等]编著 |
| 210 | @a北京@c清华大学出版社@d2020.11 | |
| 215 | @a10,159页@c图@d26cm | |
| 225 | 1 | @a自动驾驶技术系列丛书@f王云鹏,李震宇主编 |
| 300 | @a“十三五”国家重点图书出版规划项目 | |
| 304 | @a编著者还有:周彬、王阳、周亦威、白宇 | |
| 330 | @a本书内容涵盖了“自动驾驶系列丛书”其他5册的相关内容,系统地介绍了自动驾驶系统架构、自动驾驶安全设计、车辆总线及通信技术、自动驾驶测试与评价以及自动驾驶技术的实现和应用等几部分。可为具备一定自动驾驶基础知识的读者提供自动驾驶车辆设计和开发指导。 | |
| 461 | 0 | @12001 @a自动驾驶技术系列丛书@1701 0@a王云鹏,李震宇主编 |
| 606 | 0 | @a汽车驾驶@x自动驾驶系统 |
| 690 | @aU463.8@v5 | |
| 701 | 0 | @a余贵珍@Ayu gui zhen@4编著 |
| 801 | 0 | @aCN@bBJSDL@c20211011 |
| 905 | @b1332948-51@dU463.8@e1029@f4 | |
| 自动驾驶系统设计及应用/余贵珍[等]编著.-北京:清华大学出版社,2020.11 |
| 10,159页:图;26cm.-(自动驾驶技术系列丛书/王云鹏,李震宇主编) |
| “十三五”国家重点图书出版规划项目 |
| ISBN 978-7-302-53785-4:CNY59.80 |
| 本书内容涵盖了“自动驾驶系列丛书”其他5册的相关内容,系统地介绍了自动驾驶系统架构、自动驾驶安全设计、车辆总线及通信技术、自动驾驶测试与评价以及自动驾驶技术的实现和应用等几部分。可为具备一定自动驾驶基础知识的读者提供自动驾驶车辆设计和开发指导。 |
| ● |
| 相关链接 |
|
|
|
|
正题名:自动驾驶系统设计及应用
索取号:U463.8/1029
 
预约/预借
| 序号 | 登录号 | 条形码 | 馆藏地/架位号 | 状态 | 备注 |
| 1 | 1332948 | 213329487 | 第二样本阅览室/ [索取号:U463.8/1029] | 在馆 | |
| 2 | 1332949 | 213329496 | 第三借阅区/ [索取号:U463.8/1029] | 在馆 | |
| 3 | 1332950 | 213329502 | 第三借阅区/ [索取号:U463.8/1029] | 在馆 | |
| 4 | 1332951 | 213329511 | 第三借阅区/ [索取号:U463.8/1029] | 在馆 |